Forage quality, evaluation, and utilization /

Guardado en:
Autores Corporativos: National Conference on Forage Quality, Evaluation, and Utilization University of Nebraska), American Society of Agronomy., Crop Science Society of America., Soil Science Society of America.
Otros Autores: Fahey, George C.
Formato: Libro
Idioma:English
Publicado: Madison, Wis., USA : American Society of Agronomy : Crop Science Society of America : Soil Science Society of America, 1994.
Etiquetas: Agregar Etiqueta
Sin Etiquetas, Sea el primero en etiquetar este registro!
LEADER 01229pam a2200253 a 4500
001 EEA.libagro010273
005 20181008104615.0
008 931208s1994####wiuab####b####100#0#eng##
010 |a  93046888  
020 |a 0891181199 
040 |a DLC  |c DLC  |d DLC 
050 0 0 |a SF94.6  |b .N37 1994 
082 0 0 |a 636.20855 
111 2 |a National Conference on Forage Quality, Evaluation, and Utilization  |d (1994 :  |c University of Nebraska) 
245 1 0 |a Forage quality, evaluation, and utilization /  |c editor, George C. Fahey, Jr. ; associate editors, Michael Collins, David R. Mertens, and Lowell E. Moser. 
260 |a Madison, Wis., USA :  |b American Society of Agronomy :  |b Crop Science Society of America :  |b Soil Science Society of America,  |c 1994. 
300 |a xii, 998 p. :  |b il., mapa ;  |c 24 cm. 
500 |a "Based on the National Conference on Forage Quality, Evaluation, and Utilization held at the University of Nebraska, Lincoln, on 13-15 April 1994." 
504 |a Incluye referencias bibliográficas. 
700 1 |a Fahey, George C. 
710 2 |a American Society of Agronomy. 
710 2 |a Crop Science Society of America. 
710 2 |a Soil Science Society of America. 
859 |a AR-BbBCA  |b BIB. AGRONOMIA  |h 636.20855  |i F157  |p 1995/2339